000 00974nam a2200325 a 4500
003 AR-BaBNM
005 20251128203945.0
008 082120s2002 ||||||||||||||000 | spa||
020 _a84-7509-234-9
040 _cAR-BaBNM
100 1 _aTasset, Jean Marie
245 0 0 _aTeoría y práctica de la psicomotricidad
260 _aBarcelona
_bPaidós
_c1987
300 _a216 p.
_bgráfs., il.
490 0 _aPsicomotricidad y educación física
_vv. 32
500 _aContiene referencias bibliográficas
650 4 _aPSICOLOGIA DEL NIÑO
650 4 _aEDUCACION FISICA
650 4 _aPSICOLOGIA DEL DESARROLLO
650 4 _aPSICOLOGIA FISIOLOGICA
650 4 _aDESARROLLO DEL NIÑO
650 4 _aMETODOS DE ENSEÑANZA
653 0 _aSISTEMA EDUCATIVO
653 _aEXPRESION CORPORAL
700 1 _aSolomonoff, Jorge N.
_etraductor
700 1 _aPréfontaine, Robert-R.
_eprologuista
800 1 _aRomero Brest, Enrique C.
942 _cBK
998 _cHector
999 _c5609
_d5609